Elements of ICMR-JRF Life Science/ (Record no. 200129)

MARC details
000 -LEADER
fixed length control field 00569nam a22001817a 4500
005 - DATE AND TIME OF LATEST TRANSACTION
control field 20240115145347.0
010 ## - LCCN (DPL NO)
LC control number ENG-138899
020 ## - INTERNATIONAL STANDARD BOOK NUMBER
International Standard Book Number 9788126933372
Terms of availability 1895.00
035 ## - SYSTEM CONTROL NUMBER
System control number EN-122431
037 ## - SOURCE OF ACQUISITION
Source of stock number/acquisition DBAD/PUB
082 ## - DEWEY DECIMAL CLASSIFICATION NUMBER
Classification number 570
245 ## - TITLE STATEMENT
Title Elements of ICMR-JRF Life Science/
Remainder of title edited by Debasish Kar
260 ## - PUBLICATION, DISTRIBUTION, ETC. (IMPRINT)
Date of publication, distribution, etc 2023
Name of publisher, distributor, etc Atlantic Publishers
Place of publication, distribution, etc New Delhi
270 ## - ADDRESS
Address 7/22, Ansari Road, Darya Ganj,
City New Delhi
Postal code 110002
300 ## - PHYSICAL DESCRIPTION
Dimensions 28cm(hbk)
Extent 690p.
500 ## - GENERAL NOTE
General note Includes bibliographical references and index
942 ## - ADDED ENTRY ELEMENTS (KOHA)
Item type English Books
Source of classification or shelving scheme Dewey Decimal Classification
Call number suffix ELE
Classification part 570
Holdings
Withdrawn status Lost status Not for loan Collection code Home library Current library Date acquired Source of acquisition Cost, normal purchase price Full call number Barcode Copy number Cost, replacement price Koha item type
      Reference Ashok Vihar Ashok Vihar 12/01/2024 DBAD/PUB 1895.00 570 ELE EN-122431 1 1895.00 English Books

© Delhi Public Library
Hit Counter
free hit counter